Análisis de factibilidad para la creación de una Microempresa que se dedica a la elaboración de desayunos saludables en el Distrito 1 de El Alto (Registro nro. 9684)
[ vista simple ]
| 000 -CABECERA (24) | |
|---|---|
| Campo de control interno | 02665nam a22002774a 4500 |
| 003 - IDENTIFICADOR DE CONTROL | |
| Campo control | BOLpUSFA |
| 005 - FECHA Y HORA DE CATALOGACION | |
| Campo de control | 20260407144139.0 |
| 008 - ELEMENTOS DE LONGITUD FIJA - INFORMACIÓN GENERAL | |
| Campo de control de longitud fija | t bo grm 001 | spa|| |
| 040 ## - Origen de la Catalogacion | |
| Origen de la Catalogacion | BOLpUSFA |
| 041 ## - Código de idioma (R) | |
| Código de lengua del texto/banda sonora o título independiente (R) | spa |
| 044 ## - Código de país de la publicación | |
| Codigo de pais MARC | BO |
| 082 ## - Número de la Clasificación Decimal Dewey | |
| Número de la Clasificación Decimal Dewey | ICO0048 |
| Codigo Cutter | Z12aPG |
| 100 ## - Autor Personal | |
| Autor Personal | Zabaleta Huaycho, Marleni |
| 245 ## - Titulo | |
| Titulo | Análisis de factibilidad para la creación de una Microempresa que se dedica a la elaboración de desayunos saludables en el Distrito 1 de El Alto |
| 260 ## - Editorial | |
| Ciudad | El Alto: |
| Nombre de la Editorial | Universidad Privada San Francisco de Asís. Carrera de Ingeniería Comercial, |
| Fecha | 2025 |
| 300 ## - Descripcion | |
| Extension | 221 p. |
| 502 ## - Nota de Tesis | |
| Nota de Tesis | Modalidad: Proyecto de Grado - <br/>Tutora: Lic. Melody Mariel Vicente Canaviri |
| 520 ## - Resumen | |
| Resumen | El presente proyecto tiene como propósito analizar la factibilidad para la <br/>creación de una microempresa dedicada a la elaboración y comercialización de <br/>desayunos saludables en el Distrito 1 de la ciudad de El Alto, Bolivia. Esta iniciativa <br/>surge ante la necesidad de ofrecer alternativas nutritivas y accesibles para la <br/>población, contribuyendo a la mejora de los hábitos alimenticios y al bienestar <br/>general de los consumidores. <br/><br/>La propuesta consiste en establecer una microempresa que elabore y <br/>distribuya desayunos saludables a base de cereales andinos, frutas naturales y <br/>bebidas energéticas artesanales. El público objetivo está compuesto principalmente <br/>por adultos jóvenes, trabajadores y estudiantes del Distrito 1, quienes demandan <br/>alimentos rápidos pero nutritivos, adecuados a su ritmo de vida. <br/><br/>Para el desarrollo del proyecto se contempla un análisis integral que incluye <br/>el estudio de mercado, técnico, organizacional, legal, social y financiero, con el fin <br/>de evaluar su viabilidad. La metodología empleada combina técnicas cuantitativas <br/>y cualitativas, como encuestas, entrevistas, revisión documental y proyecciones <br/>económicas, que permitirán determinar la aceptación del producto, los costos <br/>asociados y la rentabilidad esperada. <br/><br/>Este análisis pretende no solo comprobar la viabilidad económica del <br/>emprendimiento, sino también evidenciar su impacto social positivo y su <br/>contribución al desarrollo económico local. Una vez completado el estudio, se <br/>formularán recomendaciones para su implementación, en caso de resultar factible. <br/> <br/> |
| 650 ## - Temas - Descriptores | |
| Temas - Descriptores | Ingeniería Comercial |
| 650 ## - Temas - Descriptores | |
| Temas - Descriptores | Proyecto de Grado |
| 650 ## - Temas - Descriptores | |
| Temas - Descriptores | Análisis de factibilidad |
| 650 ## - Temas - Descriptores | |
| Temas - Descriptores | Alimentos |
| 650 ## - Temas - Descriptores | |
| Temas - Descriptores | Desayunos saludables |
| 651 ## - Punto de acceso adicional de materia - Nombre geográfico (R) | |
| Nombre geográfico (NR) | El Alto |
| 942 ## - ELEMENTOS DE KOHA | |
| Esquema de Clasificaci | |
| Tipo de Documento | Tesis |
| Catalogador | LLO |
| Retirado (estado) | Perdido (estado) | Fuente de Clasificacion | Deterioro (estado) | Prestamo | Coleccion | Ubicacion permanente | Ubicacion actual | Fondo | Fecha de adquisicion | Origen de adquisicion | Prestamos | Signatura Topografica | Codigo de barras | Ultima fecha de verificacion | Price effective from | Tipo de Item |
|---|---|---|---|---|---|---|---|---|---|---|---|---|---|---|---|---|
| No Dañado | Disponible | No Dañado | Disponible | Tesis | Biblioteca USFA El Alto | Biblioteca USFA El Alto | Colección Tesis | 03/25/2026 | Depósito | ICO0048 Z12aPG | BEA01532 | 03/25/2026 | 03/25/2026 | Tesis |